Трудные русские слова - Армагеддон - Statistics

General Stats
  • This quiz has been taken 166 times
  • The average score is 2 of 8
Answers on the Grid
Answers color-coded by a green-red scale on the quiz's grid according to % correct below.
Коэфицент
Коэффициент
Коэфициент
Коэффицент
Кофицент
Превилигированный
Превилигерованый
Привилегированый
Привилегированный
Привелегированный
Некоммуникабельный
Никомуникабельный
Некомуникабельный
Некоммунекабельный
Никоммуникабельный
Стапятидесятимиллионный
Стопятидесятимилионный
Стопятидесятимиллионный
Стапятидесятимилионный
Стопятидесятимиллионый
Жжот
Жгёт
Жёт
Жот
Жжёт
Ложьте
Кладите
Ложите
Кладьте
Ложыте
Жвачка
Жевачка
Жувачка
Живачка
Жевачька
Побежю
Побежду
Побеждю
Побежу
Победю
 
Answer Stats
Answer % Correct
Коэффициент
81%
Жвачка
40%
Кладите
34%
Некоммуникабельный
29%
Привилегированный
21%
Жжёт
19%
Стопятидесятимиллионный
12%
Побежу
8%
No matching quizzes found
Score Distribution
Percent of People with Each Score
Percentile by Number Answered
Your Score History
You have not taken this quiz